Welcome to CU Library Online Public Access Catalogue (OPAC)

Culture, health, and illness / (Record no. 5472)

MARC details
000 -LEADER
fixed length control field 01046cam a22002894a 4500
001 - CONTROL NUMBER
control field 11866749
005 - DATE AND TIME OF LATEST TRANSACTION
control field 20250414184227.0
008 - FIXED-LENGTH DATA ELEMENTS--GENERAL INFORMATION
fixed length control field 991214s2000 enka b 001 0 eng c
020 ## - INTERNATIONAL STANDARD BOOK NUMBER
International Standard Book Number 0750647868
020 ## - INTERNATIONAL STANDARD BOOK NUMBER
International Standard Book Number 9780750647861
050 00 - LIBRARY OF CONGRESS CALL NUMBER
Classification number GN296
Item number .H45 2000
082 00 - DEWEY DECIMAL CLASSIFICATION NUMBER
Classification number 306.4/61
Edition information 21
100 1# - MAIN ENTRY--PERSONAL NAME
Personal name Helman, Cecil,
Dates associated with a name 1944-2009.
245 10 - TITLE STATEMENT
Title Culture, health, and illness /
Statement of responsibility, etc. Cecil G. Helman.
250 ## - EDITION STATEMENT
Edition statement 4th ed.
260 ## - PUBLICATION, DISTRIBUTION, ETC.
Place of publication, distribution, etc. Oxford ;
-- Boston :
Name of publisher, distributor, etc. Butterworth-Heinemann,
Date of publication, distribution, etc. 2000.
300 ## - PHYSICAL DESCRIPTION
Extent viii, 328 p. :
Other physical details ill. ;
Dimensions 25 cm.
650 #0 - SUBJECT ADDED ENTRY--TOPICAL TERM
Topical term or geographic name entry element Medical anthropology.
650 #0 - SUBJECT ADDED ENTRY--TOPICAL TERM
Topical term or geographic name entry element Social medicine.
650 12 - SUBJECT ADDED ENTRY--TOPICAL TERM
Topical term or geographic name entry element Social Medicine.
650 22 - SUBJECT ADDED ENTRY--TOPICAL TERM
Topical term or geographic name entry element Anthropology.
650 22 - SUBJECT ADDED ENTRY--TOPICAL TERM
Topical term or geographic name entry element Sociology, Medical.
856 42 - ELECTRONIC LOCATION AND ACCESS
Materials specified Publisher description
Uniform Resource Identifier <a href="http://www.loc.gov/catdir/enhancements/fy0605/99089542-d.html">http://www.loc.gov/catdir/enhancements/fy0605/99089542-d.html</a>
856 41 - ELECTRONIC LOCATION AND ACCESS
Materials specified Table of contents only
Uniform Resource Identifier <a href="http://www.loc.gov/catdir/enhancements/fy0605/99089542-t.html">http://www.loc.gov/catdir/enhancements/fy0605/99089542-t.html</a>
856 42 - ELECTRONIC LOCATION AND ACCESS
Materials specified Contributor biographical information
Uniform Resource Identifier <a href="http://www.loc.gov/catdir/enhancements/fy1302/99089542-b.html">http://www.loc.gov/catdir/enhancements/fy1302/99089542-b.html</a>
942 ## - ADDED ENTRY ELEMENTS (KOHA)
Source of classification or shelving scheme Library of Congress Classification
Koha item type Books
Edition 4th Ed.
Suppress in OPAC No
999 ## -
-- 5472
-- 5472
Holdings
Withdrawn status Lost status Source of classification or shelving scheme Damaged status Not for loan Collection Home library Current library Shelving location Date acquired Total checkouts Full call number Barcode Date last seen Copy number Price effective from Koha item type
    Library of Congress Classification     Non-fiction Business Library (Miotso) Business Library (Miotso) General stacks 04/14/2025   GN296 .H45 2000 BSSM00001874 04/14/2025 1 04/14/2025 Books
    Library of Congress Classification     Non-fiction Business Library (Miotso) Business Library (Miotso) General stacks 04/14/2025   GN296 .H45 2000 BSSM00001875 04/14/2025 2 04/14/2025 Books
© 2023-2024 Copyright: Central University Libraries. All Rights Reserved | Created by: Mahone Tech Office